000 00616nam a2200277Ia 4500
005 20260324150446.0
008 008 260324s9999 xx 000 0 eng d
020 _a9781003460664
037 _aEBOOK
040 _aCRL
040 _beng
040 _cCRL
041 _2eng
041 _aeng
084 _qCRL
100 _aT. A. Dorey
_91226486
245 0 _aLatin Historians
260 _bTaylor and Francis
260 _c1966
365 _a
365 _b160
856 _uhttp://www.taylorfrancis.com/books/9781003460664
942 _cEBOOK
999 _c1835965
_d1835965